| 000 | 00465nam a22001937a 4500 | ||
|---|---|---|---|
| 999 |
_c290297 _d290297 |
||
| 003 | OSt | ||
| 020 | _a9788126916788 | ||
| 082 |
_a339 _bARJ/MA |
||
| 100 | _aArjun Y Pangannavar | ||
| 245 | _aMacroeconomics | ||
| 260 |
_aNew Delhi _bAtlantic publishers _c2012 |
||
| 300 | _a181p. | ||
| 546 | _aEnglish | ||
| 650 | _aIncome and employment | ||
| 650 | _aKeynesian economics | ||
| 650 | _aAcceleration principle | ||
| 650 | _aBusiness cycle | ||
| 942 |
_2ddc _cBK |
||